|
|
|
|
| LEADER |
00000nab a2200000 a 4500 |
| 001 |
vtls000916774 |
| 003 |
SK-MaSNL |
| 005 |
20260302173636.0 |
| 008 |
040720e19920505xo 0 slo |
| 035 |
|
|
|a KE25654
|
| 040 |
|
|
|a KEVKJB
|b slo
|c KEVKJB
|e AACR2
|
| 041 |
0 |
|
|a slo
|
| 044 |
|
|
|a xo
|c SK
|
| 080 |
|
|
|a 669.1
|2 1981
|
| 100 |
1 |
|
|a Kunder, Dionýz
|4 aut
|9 657356
|
| 245 |
1 |
0 |
|a Námestník generálneho riaditeľa košických VSŽ o stratégii: Východoslovenské železiarne ostanú slovenské
|
| 610 |
2 |
7 |
|a Východoslovenské železiarne (Košice, Slovensko)
|2 KEVKJB
|
| 650 |
0 |
7 |
|a transformácia
|2 KEVKJB
|9 17892
|
| 650 |
0 |
7 |
|a štruktúra organizačná, riadiaca nová
|2 KEVKJB
|9 881870
|
| 650 |
0 |
7 |
|a charakteristika
|2 KEVKJB
|9 30093
|
| 651 |
|
7 |
|a KE,
|2 KEVKJB
|9 877256
|
| 655 |
|
7 |
|a periodikum
|2 snkbucl
|9 29553
|
| 710 |
2 |
|
|a Východoslovenské železiarne (Košice, Slovensko)
|4 aut
|
| 773 |
0 |
8 |
|t Pravda
|g Roč. 2, č.105, 5.5.1992, s. 5
|
| 852 |
|
|
|a ZVYKNI
|b KIS3GCP
|
| 999 |
|
|
|c 1402003
|d 1403933
|